Регионална библиотека "Любен Каравелов" - Русе

Русенското колоездачно д-во и Софийското "Витошки орел" пред съда на колоездачната организация (Запис номер 167827)

MARC детайли
000 -Лидер
Контролно поле с фиксирана дължина 01412nam a2200337 c 4500
003 - Код на организацията, давaща контролен номер
Контролно поле BLK
005 - Дата и час на последна редакция
Контролно поле 20220211154815.0
008 - Елементи от данни с фиксирана дължина
fixed length control field 180411b bul|||||r ||||||| ||bul||
010 ## - Наследен системен номер
LC control number KNG00175669000
040 ## - Източник на каталожния запис
Идентификатор на билиотеката - собственик на записа BLK
041 ## - Код за език
Код за езика на текст/звукозапис или на отделно заглавие Български
Код за езика КДБФ Български
072 #7 - Код за тематичната категория
Код организация bullib
Код за тематична категория К
Текст Краезнание
080 ## - УДК
Текстов определител УДК Велосипеден спорт. Ролков спорт
УДК код - определител по УДК 796.6
УДК - код + определител 796.6
110 1# - Редна дума - колетивен орган
Редна дума - наименование на организация или юридическо лице Български колоездачен съюз
9 (RLIN) 337650
139 ## - Редно поле
Редна дума Български колоездачен съюз
Авторски знак Бъл - Б 92
245 10 - Сведения за заглавието
Заглавие Русенското колоездачно д-во и Софийското "Витошки орел" пред съда на колоездачната организация
Подзаглавни данни Принос към историята на колоездачната орг.
257 ## - Страна на издаване
Страна на създаване/издаване България
260 ## - Област на издателските данни
Име на издателя, разпространителя и проч. Бълг. колоездачен съюз
Година на издаване 1908
Печатница София : печ. на Гавазов и Чомонев
300 ## - Физическа характеристика
Страници 96 с.
Размери/Мащаб 20 см
380 ## - Жанр
Жанр 793/799 Спорт
650 #4 - Допълнително описание по предмет – тема
Основно описание – тема или топоним Колоездене - България - история
9 (RLIN) 245095
650 #4 - Допълнително описание по предмет – тема
Основно описание – тема или топоним Дружества - България
9 (RLIN) 279807
653 ## - Ключова дума – ненормативна
Ключова дума колоездене
653 ## - Ключова дума – ненормативна
Ключова дума организации
659 ## - Тематичен бюлетин
Тематичен бюлетин К
852 ## - Местоположение
Форматна сигнатура Цб 60615
852 ## - Местоположение
Форматна сигнатура К 796/799/Б 92
856 4# - Електронен адрес и достъп
Електронен формат pdf - файл
856 4# - Електронен адрес и достъп
Електронен формат pdf - файл
999 ## - СИСТЕМНИ КОНТРОЛНИ НОМЕРА
Koha biblionumber 167827
Koha biblioitemnumber 167827
942 ## - АРТИКУЛИ
Вид на библиотечния материал Книги
Скрит в OPAC Не
Koha issues (borrowed), all copies 1
Периодичен библиозапис Да
944 ## - СЪЗДАВАНЕ И РЕДАКЦИЯ на ЗАПИСА
Създаване/Редакция Създаване
Дата на регистрацията/редакция 21.05.2015
Служител, извършил регистрацията/редакцията Валентина_Караджова
944 ## - СЪЗДАВАНЕ И РЕДАКЦИЯ на ЗАПИСА
Създаване/Редакция Редакция
Дата на регистрацията/редакция 10.08.2015
Служител, извършил регистрацията/редакцията Валя_Йорданова
999 ## - СИСТЕМНИ КОНТРОЛНИ НОМЕРА
Koha biblioitemnumber 167827
Наличности
Код за отписване Код за изгубен артикул Източник на класификационната схема Код за повреда Коз за рестрикции Код за отдаване Артикулен № Име на библиотеката - собственик Име на библиотеката, в която се намира в момента Статус (Текущо местоположение) Дата на вписване в системата Местоположение - отдел Цена в лева Инвентарен номер Систематично азбучна сигнатура Баркод Номер на екземпляра Цена в евро Служебна бележка Служебен тип на артикула
  Не е изгубен Universal Decimal Classification Не е повреден без рестрикции ползва се в читалня 282833 Регионална библиотека "Любен Каравелов" Русе Регионална библиотека "Любен Каравелов" Русе Краезнание 1908-01-01 Краезнание 1.20 101652 К 796/799/Б 92 120000101652 1 0.61 N: Сф Дата: 01.01.1908 Дата инв: 06.11.2017 Бележки инв: К2017 Книги
Vip Innovations Ltd, Rousse, Bulgaria 2025